[Event "Utrecht OKU op 49th"]
[Site "Utrecht"]
[Date "2024.05.11"]
[Round "4"]
[White "Andringa, Arjo"]
[Black "Aravindhan, Achyuth"]
[Result "0-1"]
[WhiteElo "1935"]
[BlackElo "2131"]
[PlyCount "132"]
[EventDate "2024.05.10"]
[EventType "swiss"]
[EventRounds "6"]
[EventCountry "NED"]
[SourceTitle "CB20_2024"]
[SourceDate "2024.05.16"]
[SourceVersion "1"]
[SourceVersionDate "2024.05.16"]
[SourceQuality "1"]

1. e4 c5 2. Nf3 Nc6 3. d4 cxd4 4. Nxd4 Nf6 5. Nc3 e5 6. Ndb5 d6 7. Bg5 a6 8. Na3 b5 9. Nd5 Be7 10. Bxf6 Bxf6 11. c3 Ne7 12. Nxf6+ gxf6 13. Bd3 d5 14. Qe2 dxe4 15. Bxe4 Rb8 16. 0-0 f5 17. Rfd1 Qc7 18. Bd5 0-0 19. Nc2 Rb6 20. g3 f4 21. Bg2 Rg6 22. Nb4 fxg3 23. hxg3 Bg4 24. Bf3 Bxf3 25. Qxf3 f5 26. Nd5 Nxd5 27. Qxd5+ Kh8 28. Re1 f4 29. Qxe5+ Qxe5 30. Rxe5 fxg3 31. fxg3 Rxg3+ 32. Kh2 Rg6 33. a4 Rf2+ 34. Kh3 bxa4 35. Rxa4 Rxb2 36. Re8+ Kg7 37. Re7+ Kg8 38. Rg4 Rh2+ 39. Kxh2 Rxg4 40. Ra7 Rg6 41. Kh3 h6 42. Kh4 Kf8 43. Kh5 Rf6 44. Rd7 Ke8 45. Rd5 Ke7 46. c4 Rd6 47. Re5+ Kd7 48. Ra5 Kc7 49. Ra4 Kb6 50. Kg4 Rf6 51. Kh5 Kc5 52. Kg4 Kd4 53. Kh5 Kc3 54. c5 Kb3 55. Rd4 Rc6 56. Rd6 Rxc5+ 57. Kxh6 a5 58. Kg6 a4 59. Ra6 a3 60. Kf6 a2 61. Ke6 Kb2 62. Rb6+ Ka3 63. Ra6+ Kb3 64. Kd6 Rc4 65. Kd5 Ra4 66. Rb6+ Ka3 0-1

[Event "Noisiel op 9th"]
[Site "Noisiel"]
[Date "2024.04.06"]
[Round "1"]
[White "Razafindratsima, Timothe"]
[Black "Aravindhan, Achyuth"]
[Result "1-0"]
[WhiteElo "2438"]
[BlackElo "2071"]
[PlyCount "86"]
[EventDate "2024.04.06"]
[EventType "swiss"]
[EventRounds "9"]
[EventCountry "FRA"]
[SourceTitle "CB16_2024"]
[SourceDate "2024.04.17"]
[SourceVersion "1"]
[SourceVersionDate "2024.04.17"]
[SourceQuality "1"]

1. e4 c5 2. Nf3 Nc6 3. d4 cxd4 4. Nxd4 Nf6 5. Nc3 e5 6. Ndb5 d6 7. Nd5 Nxd5 8. exd5 Ne7 9. c4 Ng6 10. Qa4 Bd7 11. Qb4 Qb8 12. Be3 a6 13. Nc3 Be7 14. Na4 Qc7 15. Qb6 Qc8 16. Qa5 Rb8 17. g3 0-0 18. Nb6 Qd8 19. h4 Bg4 20. h5 Bf3 21. Rh2 Nh8 22. Bg2 Bxg2 23. Rxg2 Re8 24. 0-0-0 Bg5 25. Qd2 Qxb6 26. Bxb6 Bxd2+ 27. Kxd2 f6 28. Ke3 Nf7 29. f3 Rbc8 30. c5 Kf8 31. b4 Ke7 32. Rc2 Kd7 33. Rdc1 g6 34. hxg6 hxg6 35. a4 f5 36. c6+ bxc6 37. Rxc6 Rxc6 38. dxc6+ Ke6 39. b5 axb5 40. axb5 d5 41. Bc7 Ra8 42. b6 d4+ 43. Kd2 Kd5 1-0

[Event "NED-ch U14"]
[Site "Almelo"]
[Date "2023.05.01"]
[Round "2"]
[White "Arnold, Rhys"]
[Black "Aravindhan, Achyuth"]
[Result "1-0"]
[WhiteElo "2003"]
[BlackElo "1833"]
[PlyCount "41"]
[EventDate "2023.04.30"]
[EventType "swiss"]
[EventRounds "9"]
[EventCountry "NED"]
[SourceTitle "CBM 214 Extra"]
[Source "ChessBase"]
[SourceDate "2023.07.31"]
[SourceVersion "1"]
[SourceVersionDate "2023.07.31"]
[SourceQuality "1"]

1. e4 c5 2. Nf3 Nc6 3. Bb5 g6 4. 0-0 Bg7 5. Nc3 d6 6. e5 Bd7 7. exd6 exd6 8. Bxc6 Bxc6 9. d4 Ne7 10. d5 Bd7 11. Bf4 Bxc3 12. bxc3 Bg4 13. h3 Bxf3 14. Qxf3 0-0 15. Rfe1 Qd7 16. Bg5 Rfe8 17. Rxe7 Rxe7 18. Qf6 Re6 19. dxe6 Qxe6 20. Qxe6 fxe6 21. Be7 1-0

[Event "NED-ch U14"]
[Site "Almelo"]
[Date "2023.04.30"]
[Round "1"]
[White "Aravindhan, Achyuth"]
[Black "Van Batenburg, Mees"]
[Result "1-0"]
[WhiteElo "1833"]
[BlackElo "2054"]
[PlyCount "55"]
[EventDate "2023.04.30"]
[EventType "swiss"]
[EventRounds "9"]
[EventCountry "NED"]
[SourceTitle "CBM 214 Extra"]
[Source "ChessBase"]
[SourceDate "2023.07.31"]
[SourceVersion "1"]
[SourceVersionDate "2023.07.31"]
[SourceQuality "1"]

1. e4 e6 2. d4 d5 3. Nd2 Be7 4. Bd3 c5 5. dxc5 Nf6 6. exd5 Qxd5 7. Ngf3 Bxc5 8. 0-0 0-0 9. Nb3 Bb6 10. Bf4 Nc6 11. Qe2 Qh5 12. h3 Re8 13. Rfe1 Nd5 14. Bg3 Bc7 15. Bxc7 Nxc7 16. Rad1 Nd5 17. Bxh7+ Kxh7 18. Qe4+ f5 19. Rxd5 Bd7 20. Rc5 b6 21. Qd3 bxc5 22. Qxd7 Nb4 23. Nxc5 Rad8 24. Qxa7 Nxc2 25. Rxe6 Rxe6 26. Nxe6 Rd1+ 27. Kh2 Qg6 28. Nf8+ 1-0

[Event "Hoogeveen op 25th"]
[Site "Hoogeveen"]
[Date "2022.10.19"]
[Round "5"]
[White "Uneken, Bert"]
[Black "Aravindhan, Achyuth"]
[Result "0-1"]
[WhiteElo "1803"]
[BlackElo "1907"]
[PlyCount "82"]
[EventDate "2022.10.15"]
[EventType "swiss"]
[EventRounds "9"]
[EventCountry "NED"]
[SourceTitle "CBM 210 Extra"]
[Source "ChessBase"]
[SourceDate "2022.11.30"]
[SourceVersion "1"]
[SourceVersionDate "2022.11.30"]
[SourceQuality "1"]

1. e4 c5 2. c3 d5 3. exd5 Qxd5 4. Nf3 Bg4 5. Be2 Nf6 6. Na3 Nc6 7. 0-0 e6 8. Nc2 Bh5 9. d4 Rd8 10. Ne3 Qd6 11. Qb3 cxd4 12. cxd4 Qc7 13. d5 Nxd5 14. Rd1 Nf4 15. Rxd8+ Qxd8 16. Bb5 Bxf3 17. gxf3 Bd6 18. Bxc6+ bxc6 19. Qc4 Qc7 20. Bd2 0-0 21. Rc1 Rb8 22. b3 Qe7 23. Ng4 Qg5 24. Kf1 h5 25. h4 Qf5 26. Ne3 Qh3+ 27. Ke1 Qh1+ 28. Nf1 Qxf3 29. Bxf4 Bxf4 30. Qxc6 Qg4 31. Rc4 Rd8 32. Ne3 Qg1+ 33. Ke2 Bxe3 34. Kxe3 Qe1+ 35. Kf3 Qh1+ 36. Ke3 Rd5 37. Qc7 Qd1 38. Rc3 Qd2+ 39. Kf3 Rf5+ 40. Ke4 Rxf2 41. Qg3 f5+ 0-1

[Event "Vlissingen HZ op 24th"]
[Site "Vlissingen"]
[Date "2022.08.07"]
[Round "2"]
[White "Bruil, Rembrandt"]
[Black "Aravindhan, Achyuth"]
[Result "1-0"]
[WhiteElo "2230"]
[BlackElo "1925"]
[PlyCount "89"]
[EventDate "2022.08.06"]
[EventType "swiss"]
[EventRounds "9"]
[EventCountry "NED"]
[SourceTitle "CBM 209 Extra"]
[Source "ChessBase"]
[SourceDate "2022.09.30"]
[SourceVersion "1"]
[SourceVersionDate "2022.09.30"]
[SourceQuality "1"]

1. d4 Nf6 2. Nf3 g6 3. g3 Bg7 4. Bg2 0-0 5. 0-0 d6 6. b3 Nbd7 7. Bb2 c6 8. c4 Qc7 9. Nc3 e5 10. e4 Ne8 11. Qd2 f5 12. Ng5 Ndf6 13. dxe5 dxe5 14. Ba3 c5 15. exf5 Bxf5 16. Nd5 Nxd5 17. Qxd5+ Kh8 18. Qxc5 Rf6 19. Qxc7 Nxc7 20. Bxb7 Re8 21. Bg2 h6 22. Ne4 Ra6 23. Bb2 Ne6 24. Rfe1 g5 25. a3 Rc8 26. b4 Nd4 27. Nc5 Rb6 28. Rac1 e4 29. Bc3 Bg4 30. Bxd4 Bxd4 31. Rxe4 Bb2 32. Rce1 Bf5 33. Re8+ Rxe8 34. Rxe8+ Kg7 35. Re7+ Kf8 36. Rxa7 Rd6 37. Bd5 Ke8 38. Kg2 g4 39. a4 Ba3 40. Rb7 Bb1 41. a5 Ba2 42. a6 Rxd5 43. cxd5 Bxd5+ 44. Kg1 Bxb7 45. axb7 1-0

[Event "NED-ch U14"]
[Site "Almelo"]
[Date "2021.08.01"]
[Round "1"]
[White "Madularea, David"]
[Black "Aravindhan, Achyuth"]
[Result "1-0"]
[WhiteElo "1656"]
[BlackElo "1031"]
[PlyCount "81"]
[EventDate "2021.08.01"]
[EventType "swiss"]
[EventRounds "9"]
[EventCountry "NED"]
[SourceTitle "EXT 2022"]
[Source "ChessBase"]
[SourceDate "2021.10.06"]
[SourceVersion "1"]
[SourceVersionDate "2021.10.06"]
[SourceQuality "1"]

1. c4 c5 2. Nc3 d6 3. Nf3 Nf6 4. e3 g6 5. d4 cxd4 6. exd4 Bg7 7. Bd3 0-0 8. 0-0 Nc6 9. d5 Nb4 10. Bb1 a5 11. h3 b6 12. Re1 Ba6 13. a3 Bxc4 14. axb4 axb4 15. Rxa8 Qxa8 16. b3 Bxb3 17. Qxb3 bxc3 18. Ba2 Qa7 19. Be3 Ra8 20. Re2 Qa6 21. Rc2 b5 22. Nd4 Rb8 23. Rxc3 Ne4 24. Rc6 Qa5 25. Qc2 Nc5 26. Nf3 Ra8 27. Bb1 Nd7 28. Nd4 Qe1+ 29. Kh2 Be5+ 30. g3 b4 31. Nf3 Qf1 32. Rc8+ Rxc8 33. Qxc8+ Nf8 34. Nxe5 dxe5 35. Be4 Kg7 36. Bh6+ Kxh6 37. Qxf8+ Kh5 38. Bf3+ Kg5 39. Qxe7+ Kf5 40. g4+ Kf4 41. Qf6# 1-0